000 00195nam a22001097a 4500
040 _cSK
082 _a634
100 _aNA
245 _aForest climatology
260 _aNA
_bNA
_c2011
942 _cEK
999 _c9228
_d9228